000 00392 a2200145 4500
999 _c5666
_d5666
020 _a8177541439
050 _aS591MAJ2012
100 _aMajumdar,S.P
_eauthor
245 _aAnalysis of soil physical properties /
_cS.P.Majundar and R.A.Singh
264 _aIndia:
_bAgrobios,
_c2012
300 _a194p. :
500 _aincludes index
650 _aSoil properties
942 _2lcc
_cBK
_h591
_iMAJ
_kS